[Event "4ème OPEN du PIC d' ANIE"]
[Site "LA PIERRE SAINT MARTIN"]
[Date "2007.08.08"]
[Round "3.4"]
[White "Galby, Vassili"]
[Black "Parpinel, Mario"]
[Result "1-0"]
[WhiteElo "1976"]
[BlackElo "1840"]
[PlyCount "77"]
[EventDate "2007.??.??"]

1. Nf3 d5 2. d4 Nf6 3. c4 e6 4. Nc3 Bb4 5. cxd5 Nxd5 6. Qc2 Nxc3 7. bxc3 Be7 8.
e4 Nd7 9. Bd3 Nf8 10. O-O Ng6 11. Ne5 O-O 12. f4 Qe8 13. Be3 f5 14. d5 Nxe5 15.
fxe5 g6 16. exf5 exf5 17. Rae1 Qd8 18. Bc4 Kg7 19. Bd4 Re8 20. d6 cxd6 21.
exd6+ Bf6 22. Bxf6+ Kxf6 23. Rxe8 Qxe8 24. Qd2 Qe5 25. Re1 Qc5+ 26. Qd4+ Qxd4+
27. cxd4 Bd7 28. Re7 Rd8 29. h4 Be8 30. Kf2 g5 31. Re6+ Kg7 32. hxg5 Bd7 33.
Rf6 Rf8 34. Rxf8 Kxf8 35. Ke3 Kg7 36. Kf4 Kg6 37. Bd3 b5 38. g4 a5 39. Bxf5+
1-0

[Event "4ème OPEN du PIC d' ANIE"]
[Site "LA PIERRE SAINT MARTIN"]
[Date "2007.08.08"]
[Round "3.5"]
[White "Forestie, Pierre"]
[Black "Blesing, Alicia"]
[Result "1-0"]
[WhiteElo "2140"]
[BlackElo "1802"]
[PlyCount "93"]

1. e4 c5 2. Nf3 Nc6 3. d4 cxd4 4. Nxd4 a6 5. Nc3 e6 6. Be3 Nf6 7. f3 Qc7 8. Qd2
Be7 9. Bd3 Nxd4 10. Bxd4 b5 11. Ne2 Bb7 12. O-O-O d5 13. exd5 Bxd5 14. Kb1 O-O
15. Qg5 h6 16. Qe3 b4 17. g4 Bb7 18. h4 Nd5 19. Qf2 e5 20. Be3 Nxe3 21. Qxe3
Bc5 22. Qd2 Bxf3 23. g5 Bxh1 24. Rxh1 Qc6 25. Ng3 f5 26. gxf6 Qxf6 27. Ne4 Qc6
28. Bc4+ Kh8 29. Bd5 Rad8 30. Bxc6 Rxd2 31. Nxd2 Rf4 32. h5 Be3 33. Nf3 e4 34.
Ne5 Kh7 35. Ng6 Rg4 36. a4 a5 37. Rd1 Bb6 38. Rf1 Bc5 39. Rf4 Rg1+ 40. Ka2 e3
41. Bb5 Rh1 42. Rf5 Bd6 43. Bd3 Rh2 44. Rxa5 Kg8 45. Bc4+ Kh7 46. Ra8 Rxh5 47.
Bd3 1-0

[Event "4ème OPEN du PIC d' ANIE"]
[Site "LA PIERRE SAINT MARTIN"]
[Date "2007.08.08"]
[Round "3.6"]
[White "Poey Durut, Bixente"]
[Black "Cabanes, Kim"]
[Result "0-1"]
[WhiteElo "1490"]
[BlackElo "1885"]
[PlyCount "84"]

1. d4 d5 2. Nf3 Nf6 3. e3 Bf5 4. Bd3 Bg6 5. O-O e6 6. Re1 Bd6 7. Qe2 Nbd7 8.
Nbd2 Ne4 9. Bb5 c6 10. Ba4 a5 11. a3 Ndf6 12. h3 Bh5 13. Qd3 g5 14. Ne5 Qc7 15.
g4 Bg6 16. f4 Nc5 17. dxc5 Bxd3 18. cxd6 Qxd6 19. cxd3 h5 20. Ndf3 hxg4 21.
Nxg5 Rf8 22. hxg4 Nd7 23. Nef3 Rg8 24. Nh2 f6 25. Ngf3 O-O-O 26. Bd2 b5 27. Bb3
a4 28. Ba2 e5 29. Rac1 Kb7 30. Kf2 Rh8 31. Kg3 c5 32. Nh4 c4 33. Nf5 Qe6 34. d4
Rdg8 35. Nh4 Rh7 36. f5 Qd6 37. Bb4 Qc7 38. Ng2 exd4+ 39. Nf4 dxe3 40. Rxe3
Rxh2 41. Kxh2 Qxf4+ 42. Rg3 Qxc1 0-1

[Event "4ème OPEN du PIC d' ANIE"]
[Site "LA PIERRE SAINT MARTIN"]
[Date "2007.08.08"]
[Round "3.7"]
[White "Boukhris, Khaled"]
[Black "Prevot, Jean-Luc"]
[Result "1/2-1/2"]
[WhiteElo "1835"]
[BlackElo "2105"]
[PlyCount "69"]
[EventDate "2007.??.??"]

1. d4 Nf6 2. Nf3 d5 3. Bf4 e6 4. e3 Be7 5. Bd3 Nbd7 6. Nbd2 c5 7. c3 c4 8. Bc2
b5 9. a3 Bb7 10. h3 O-O 11. Qb1 a5 12. Ne5 b4 13. axb4 axb4 14. Rxa8 Bxa8 15.
O-O b3 16. Bd1 Qa5 17. Bf3 Bb7 18. Ndxc4 dxc4 19. Bxb7 Qc7 20. Bf3 Bd6 21. Nxd7
Nxd7 22. Bxd6 Qxd6 23. Qa1 Rb8 24. Qa7 Nb6 25. Ra1 Nd5 26. Bxd5 exd5 27. Ra5 h6
28. Rxd5 Qxd5 29. Qxb8+ Kh7 30. Qa7 Qe4 31. Qa1 f6 32. Kh2 f5 33. g3 Kh8 34. h4
Kh7 35. Kg1 1/2-1/2

[Event "4ème OPEN du PIC d' ANIE"]
[Site "LA PIERRE SAINT MARTIN"]
[Date "2007.08.08"]
[Round "3.8"]
[White "Martinet, Regis"]
[Black "Tarayre, Pascal"]
[Result "1-0"]
[WhiteElo "2050"]
[BlackElo "1820"]
[PlyCount "127"]

1. d4 Nf6 2. c4 g6 3. Nc3 Bg7 4. e4 d6 5. Be2 O-O 6. f4 c5 7. d5 a6 8. a4 Qa5
9. Bd2 Qc7 10. Nf3 Bg4 11. O-O Nbd7 12. Be1 e6 13. h3 Bxf3 14. Bxf3 exd5 15.
cxd5 c4 16. Bg3 Qb6+ 17. Bf2 Qc7 18. Qc2 Rfe8 19. Rfe1 Nc5 20. Re2 Rab8 21. Bg3
Nfd7 22. Rd1 Nd3 23. Kh1 b5 24. axb5 axb5 25. Rf1 b4 26. Nd1 b3 27. Qb1 Qa5 28.
Nc3 Qc5 29. Nd1 Ra8 30. Bg4 Nb6 31. f5 Na4 32. f6 Bh6 33. Bd7 Red8 34. Bxa4
Rxa4 35. Nc3 Ra6 36. e5 dxe5 37. Bxe5 Rda8 38. Bg3 Bf8 39. d6 Bxd6 40. Ne4 Qh5
41. Re3 Bxg3 42. Nxg3 Qc5 43. Re2 Ra2 44. Ne4 Qa7 45. Nd6 Qd4 46. Nb5 Qc5 47.
Nc3 R2a7 48. Qd1 Qc6 49. Qd2 Qc5 50. Qh6 Qf8 51. Qe3 Ra1 52. Rxa1 Rxa1+ 53. Kh2
Ra8 54. Nd5 Ra2 55. Qb6 Ra8 56. Qe3 Qd6+ 57. g3 Qf8 58. Qd4 h5 59. Qxc4 Nxb2
60. Rxb2 Ra2 61. Rxa2 bxa2 62. Qxa2 Qd6 63. Ne7+ Kh7 64. Qxf7+ 1-0

[Event "4ème OPEN du PIC d' ANIE"]
[Site "LA PIERRE SAINT MARTIN"]
[Date "2007.08.08"]
[Round "3.9"]
[White "Quintela, Francis"]
[Black "Cwiek, Loic"]
[Result "0-1"]
[WhiteElo "1580"]
[BlackElo "1999"]
[PlyCount "44"]

1. d4 d5 2. c4 e6 3. Nc3 Nf6 4. Bg5 Nbd7 5. Rc1 c6 6. e3 Be7 7. Nf3 O-O 8. Bd3
dxc4 9. Bxc4 b5 10. Bd3 Bb7 11. Qc2 h6 12. h4 Rc8 13. Ne4 c5 14. Nxf6+ Nxf6 15.
Bxf6 cxd4 16. Bxe7 Rxc2 17. Bxd8 Rxc1+ 18. Ke2 Rxh1 19. Be7 Bxf3+ 20. Kxf3 Re8
21. Bc5 dxe3 22. Bxe3 Rxh4 0-1

[Event "4ème OPEN du PIC d' ANIE"]
[Site "LA PIERRE SAINT MARTIN"]
[Date "2007.08.08"]
[Round "3.10"]
[White "Auge, Jean"]
[Black "Barillet, Lucien"]
[Result "1/2-1/2"]
[WhiteElo "1920"]
[BlackElo "1680"]
[PlyCount "76"]
[EventDate "2007.??.??"]

1. e4 d5 2. exd5 Nf6 3. Nc3 g6 4. Bb5+ Nbd7 5. d3 Bg7 6. h4 a6 7. Ba4 b5 8. Bb3
Nc5 9. Nge2 Nxb3 10. axb3 Nxd5 11. Nxd5 Qxd5 12. f3 Bb7 13. c4 Qd6 14. d4 bxc4
15. bxc4 Qb4+ 16. Bd2 Qxc4 17. Rc1 Qe6 18. Rxc7 Bc8 19. Qa4+ Bd7 20. Qc4 Qxc4
21. Rxc4 Bb5 22. Rb4 O-O 23. h5 Rfd8 24. hxg6 hxg6 25. Bc3 Rd5 26. Kf2 Rad8 27.
Ke3 e5 28. dxe5 Bxe5 29. Bxe5 Rxe5+ 30. Re4 Rxe4+ 31. fxe4 Bxe2 32. Kxe2 f6 33.
Rc1 Rd6 34. Rc7 Kf8 35. g3 Rb6 36. Kf3 Rxb2 37. Rc6 Ke7 38. Rxa6 Rb5 1/2-1/2

[Event "4ème OPEN du PIC d' ANIE"]
[Site "LA PIERRE SAINT MARTIN"]
[Date "2007.08.08"]
[Round "3.11"]
[White "Strub, Bruno"]
[Black "Catala, Laurent"]
[Result "0-1"]
[WhiteElo "1440"]
[BlackElo "1895"]
[PlyCount "78"]
[EventDate "2007.??.??"]

1. e4 e5 2. Nf3 Nc6 3. Bb5 a6 4. Ba4 b5 5. Bb3 Bc5 6. c3 d6 7. d4 exd4 8. cxd4
Bb6 9. O-O Nf6 10. Re1 O-O 11. Bg5 Bg4 12. d5 Nd4 13. Nbd2 h6 14. Bh4 g5 15.
Bg3 Re8 16. Bc2 Ba5 17. Re3 Qd7 18. Nb3 Nxb3 19. axb3 Bb6 20. Re1 Bh5 21. Bd3
Kg7 22. Qe2 Nxd5 23. Ra2 Nb4 24. Ra3 Nc6 25. Rea1 Nd4 26. Qd1 Bxf3 27. gxf3 a5
28. b4 a4 29. Kg2 Rh8 30. e5 h5 31. h3 Rag8 32. Qd2 Kf8 33. exd6 cxd6 34. Bxd6+
Qxd6 35. Bxb5 Nxb5 36. Qxd6+ Nxd6 37. Rxa4 Nf5 38. Ra6 Nh4+ 39. Kg3 Bc7+ 0-1

[Event "4ème OPEN du PIC d' ANIE"]
[Site "LA PIERRE SAINT MARTIN"]
[Date "2007.08.08"]
[Round "3.12"]
[White "Muratet, Lucas"]
[Black "Scott, Stan"]
[Result "1-0"]
[WhiteElo "1887"]
[BlackElo "1499"]
[PlyCount "123"]
[EventDate "2007.??.??"]

1. e4 Nf6 2. e5 Nd5 3. c4 Nb6 4. d4 d6 5. exd6 cxd6 6. Nc3 g6 7. Nf3 Bg7 8. Be2
O-O 9. O-O Nc6 10. Be3 Bg4 11. b3 Re8 12. Rc1 d5 13. c5 Nd7 14. Nxd5 e6 15. Nc3
Nf6 16. h3 Bxf3 17. Bxf3 Nd5 18. Bxd5 exd5 19. Nb5 Re6 20. Qd2 a6 21. Nd6 Rxd6
22. cxd6 Qxd6 23. Qc3 Re8 24. Qc5 Qxc5 25. Rxc5 Rd8 26. Rd1 h6 27. Kf1 f5 28.
f3 Kf7 29. a3 Bf8 30. Rc2 Bxa3 31. Bxh6 Kf6 32. h4 Rd7 33. g4 Rh7 34. Bg5+ Kf7
35. gxf5 gxf5 36. Kf2 Be7 37. Bxe7 Kxe7 38. Kg3 Kd6 39. Rh2 a5 40. Kf4 Rh5 41.
Ke3 b5 42. Rg1 Ne7 43. Rg5 Rh8 44. h5 Ke6 45. Rg1 a4 46. bxa4 bxa4 47. Ra1 Ra8
48. h6 Ng6 49. Kd2 Kf7 50. Kc3 Rc8+ 51. Kd3 Ra8 52. Rb2 Kg8 53. Rb4 Kh7 54.
Rbxa4 Rxa4 55. Rxa4 Kxh6 56. Ra7 Kg5 57. Ke3 Kf6 58. Ra6+ Kf7 59. Rd6 Ne7 60.
Kf4 Kf8 61. Rd8+ Kf7 62. Rd7 1-0

[Event "4ème OPEN du PIC d' ANIE"]
[Site "LA PIERRE SAINT MARTIN"]
[Date "2007.08.08"]
[Round "3.13"]
[White "Aubert, Lucas"]
[Black "Poey-Durut, Peio"]
[Result "0-1"]
[WhiteElo "1550"]
[BlackElo "1872"]
[PlyCount "108"]

1. d4 d5 2. Bg5 f6 3. Bf4 c5 4. dxc5 e5 5. Bg3 Bxc5 6. e4 dxe4 7. Qxd8+ Kxd8 8.
Nc3 Bf5 9. Nd5 Ne7 10. Rd1 Kc8 11. b4 Nxd5 12. bxc5 Nb4 13. c3 Nc2+ 14. Kd2 e3+
15. fxe3 Rd8+ 16. Kc1 Rxd1+ 17. Kxd1 Nxe3+ 18. Ke2 Nxf1 19. Kxf1 Nd7 20. Nf3
Nxc5 21. Kf2 Ne4+ 22. Ke3 Kc7 23. Rf1 Nxg3 24. hxg3 Bg4 25. Nd2 Rd8 26. a4 Bh5
27. Rh1 Bg6 28. Ne4 Bxe4 29. Kxe4 h6 30. g4 Rd2 31. g3 Ra2 32. Rh4 Rxa4+ 33.
Kf5 Rc4 34. Kg6 Rxc3 35. Kxg7 Rxg3 36. Kxf6 e4 37. Kf5 Rf3+ 38. Kxe4 Rf6 39.
Rh3 b5 40. Rb3 Kb6 41. Ke5 Rc6 42. Rf3 b4 43. Kd4 a5 44. Rf8 Kb5 45. Rf5+ Ka4
46. Rf4 Ka3 47. Rf5 a4 48. Kd5 Rc1 49. Rf6 b3 50. Rxh6 b2 51. Rh3+ Kb4 52. Rh8
b1=Q 53. Rb8+ Kc3 54. Rxb1 Rxb1 0-1

[Event "4ème OPEN du PIC d' ANIE"]
[Site "LA PIERRE SAINT MARTIN"]
[Date "2007.08.08"]
[Round "3.14"]
[White "Collet, Davy"]
[Black "Schlotter, Florence"]
[Result "1-0"]
[WhiteElo "1786"]
[BlackElo "1470"]
[PlyCount "55"]
[EventDate "2007.??.??"]

1. d4 Nf6 2. Bg5 e6 3. e4 h6 4. Bxf6 Qxf6 5. c3 c5 6. Nf3 Nc6 7. d5 Ne5 8. Be2
Bd6 9. Nbd2 O-O 10. O-O b6 11. Nxe5 Bxe5 12. Nc4 Bb7 13. f4 Bxf4 14. g3 e5 15.
gxf4 exf4 16. Bf3 Qg5+ 17. Kh1 b5 18. Nd6 Ba6 19. Rg1 Qf6 20. Nf5 g5 21. Qf1
Kh7 22. Qh3 d6 23. e5 dxe5 24. Be4 Rh8 25. Rxg5 Qxg5 26. Rg1 Qxg1+ 27. Kxg1
Rhg8+ 28. Kf2 1-0

[Event "4ème OPEN du PIC d' ANIE"]
[Site "LA PIERRE SAINT MARTIN"]
[Date "2007.08.08"]
[Round "3.15"]
[White "Garrel, Pascal"]
[Black "Brouste, Pierre"]
[Result "1-0"]
[WhiteElo "1709"]
[BlackElo "1520"]
[PlyCount "89"]

1. d4 Nf6 2. Nf3 d5 3. c4 c6 4. cxd5 cxd5 5. Nc3 Nc6 6. Ne5 Qb6 7. Nxc6 bxc6 8.
e3 e6 9. Na4 Qa5+ 10. Bd2 Bb4 11. Nc5 Bxd2+ 12. Qxd2 Qxd2+ 13. Kxd2 Rb8 14. Rb1
O-O 15. Bd3 Nd7 16. b4 Re8 17. Rhc1 f6 18. b5 cxb5 19. Nxd7 Bxd7 20. Rc7 Red8
21. Rxa7 Ra8 22. Rxa8 Rxa8 23. Rb2 b4 24. Bb1 Ra4 25. Kc2 Bb5 26. Kb3 e5 27.
dxe5 fxe5 28. Rd2 Bc6 29. Rxd5 Bxd5+ 30. Kxa4 Bxg2 31. Kxb4 Kf7 32. Kc5 h6 33.
a4 Kf6 34. a5 Ba8 35. Ba2 Bb7 36. Bd5 Ba6 37. Kb6 Bd3 38. Bc6 Kf5 39. f3 Kg5
40. Bb5 e4 41. fxe4 Bxe4 42. a6 Kf5 43. Bc6 g5 44. a7 Bxc6 45. Kxc6 1-0

[Event "4ème OPEN du PIC d' ANIE"]
[Site "LA PIERRE SAINT MARTIN"]
[Date "2007.08.08"]
[Round "3.16"]
[White "Finkel, Anne-Sophie"]
[Black "Denis, Philippe"]
[Result "0-1"]
[WhiteElo "1160"]
[BlackElo "1699"]
[PlyCount "72"]
[EventDate "2007.??.??"]

1. e4 e6 2. d4 d5 3. exd5 exd5 4. Nf3 Nf6 5. Nc3 c6 6. Bg5 Bd6 7. Bd3 O-O 8.
Qd2 Re8+ 9. Be2 Nbd7 10. O-O Qc7 11. Bxf6 Nxf6 12. Ng5 Bf4 13. Qd3 Bxg5 14.
Rfe1 Bd7 15. h3 Ne4 16. Nxe4 dxe4 17. Qb3 e3 18. Bc4 Be6 19. Bxe6 Rxe6 20. fxe3
Rae8 21. e4 Rxe4 22. Rxe4 Rxe4 23. c3 Qe7 24. Qd1 Bh4 25. Qd2 Re2 26. Qd1 Re1+
27. Qxe1 Bxe1 28. Kf1 Bh4 29. b4 Qf6+ 30. Kg1 Qf2+ 31. Kh1 Kf8 32. a4 Qb2 33.
Rd1 Bg3 34. a5 Qxc3 35. Rf1 Qxd4 36. Rf3 Qd1+ 0-1

[Event "4ème OPEN du PIC d' ANIE"]
[Site "LA PIERRE SAINT MARTIN"]
[Date "2007.08.08"]
[Round "3.17"]
[White "Noblesse, Sylvie"]
[Black "Abancourt, Jose"]
[Result "0-1"]
[WhiteElo "1499"]
[BlackElo "1550"]
[PlyCount "62"]

1. e4 c5 2. Nf3 Nc6 3. Be2 e5 4. O-O Nf6 5. d3 h6 6. Nc3 a6 7. a4 b6 8. b3 Bb7
9. Nd5 Nxd5 10. exd5 Nb4 11. c4 Qc7 12. Be3 Bd6 13. Qd2 a5 14. Rac1 O-O-O 15.
Ne1 f5 16. Nc2 f4 17. Nxb4 axb4 18. Qa2 fxe3 19. fxe3 Rhf8 20. Rcd1 h5 21. d4
Rxf1+ 22. Kxf1 exd4 23. exd4 Bxh2 24. dxc5 Qxc5 25. Ke1 Re8 26. Kd2 Bf4+ 27.
Kc2 Rxe2+ 28. Kb1 Rxa2 29. Kxa2 Qf2+ 30. Ka1 Be5+ 31. Kb1 Qb2# 0-1

[Event "4ème OPEN du PIC d' ANIE"]
[Site "LA PIERRE SAINT MARTIN"]
[Date "2007.08.08"]
[Round "3.18"]
[White "Pinault, Mailys"]
[Black "Cwiek, Perrine"]
[Result "1-0"]
[WhiteElo "1630"]
[BlackElo "1743"]
[PlyCount "101"]

1. e4 e5 2. Nc3 Nf6 3. f4 d6 4. Nf3 Nc6 5. Bb5 Bd7 6. d3 Nh5 7. fxe5 dxe5 8.
O-O Nf6 9. Bg5 Be7 10. Kh1 Ng4 11. Bxe7 Qxe7 12. Nd5 Qd6 13. Qe1 O-O-O 14. Qh4
Rde8 15. Ng5 Nf6 16. Nxf7 Qc5 17. Bxc6 Bxc6 18. Nxf6 gxf6 19. Nxh8 Rxh8 20.
Qxf6 Re8 21. Rac1 Qb4 22. b3 Qd2 23. Qf2 Qh6 24. Qxa7 Qg6 25. Qf2 Qh6 26. Qf6
Qd2 27. Qf5+ Bd7 28. Qxh7 b6 29. Qh5 Rg8 30. Qf3 Bg4 31. Qf2 Qh6 32. Kg1 Bh3
33. g3 Bxf1 34. Rxf1 Rh8 35. a4 Kb7 36. b4 Rh7 37. a5 Rh8 38. Ra1 Rf8 39. a6+
Ka7 40. Qe1 Rh8 41. h4 Rg8 42. Kh2 Qc6 43. Qd2 Qg6 44. Qf2 Rg7 45. b5 Rf7 46.
Qd2 Rf3 47. Rg1 Qf7 48. Qc3 Qe7 49. Qc6 Rf2+ 50. Rg2 Rxg2+ 51. Kxg2 1-0

[Event "4ème OPEN du PIC d' ANIE"]
[Site "LA PIERRE SAINT MARTIN"]
[Date "2007.08.08"]
[Round "3.19"]
[White "Soufflet, Jacques"]
[Black "Riballet, Jean-Paul"]
[Result "1-0"]
[WhiteElo "1730"]
[BlackElo "1340"]
[PlyCount "53"]

1. d4 Nf6 2. Nf3 h6 3. c4 d6 4. Nc3 Bf5 5. e3 Nc6 6. Bd3 g6 7. a3 Bg7 8. b4 e5
9. Bxf5 gxf5 10. Qc2 e4 11. Nd2 Qe7 12. b5 Na5 13. Ne2 b6 14. Nf4 Nb7 15. a4 a5
16. Ba3 O-O-O 17. Rc1 Nd7 18. Nb3 Ndc5 19. dxc5 dxc5 20. Nd5 Qe6 21. O-O Rhg8
22. Rcd1 Be5 23. Nf4 Rxg2+ 24. Nxg2 Rg8 25. f4 exf3 26. Rxf3 Qg6 27. Qxf5+ 1-0

[Event "4ème OPEN du PIC d' ANIE"]
[Site "LA PIERRE SAINT MARTIN"]
[Date "2007.08.08"]
[Round "3.20"]
[White "Finkel, Julie"]
[Black "Teyssier, Jean-Paul"]
[Result "0-1"]
[WhiteElo "1160"]
[BlackElo "1724"]
[PlyCount "100"]
[EventDate "2007.??.??"]

1. e4 e6 2. d4 d5 3. exd5 exd5 4. Bd3 Nf6 5. Bf4 Bg4 6. Nf3 Nc6 7. c3 Bd6 8.
Bxd6 Qxd6 9. Nbd2 O-O 10. O-O Rfe8 11. Qc2 Bh5 12. Ng5 Bg6 13. Ndf3 Bxd3 14.
Qxd3 h6 15. Nh3 Re7 16. Rfe1 Rae8 17. Rxe7 Qxe7 18. g3 Qe2 19. Qxe2 Rxe2 20. b3
g5 21. Ne1 Nb8 22. Ng2 Rc2 23. c4 dxc4 24. bxc4 Rxc4 25. Rd1 Nd5 26. Ne3 Nxe3
27. fxe3 Rc2 28. Ra1 Re2 29. Rb1 b6 30. Rc1 Na6 31. Rc6 Rxe3 32. Rxh6 Kg7 33.
Rh5 f6 34. Nf2 Nb4 35. Ng4 Re4 36. h3 Rxd4 37. Rh6 Rxg4 38. hxg4 Kxh6 39. a3 c5
40. axb4 cxb4 41. Kh2 b3 42. Kh1 b2 43. Kh2 b1=Q 44. Kg2 Kg7 45. Kh2 Kf7 46.
Kg2 Ke6 47. Kh2 Ke5 48. Kg2 Ke4 49. Kf2 Qc2+ 50. Kg1 Kf3 0-1

[Event "4ème OPEN du PIC d' ANIE"]
[Site "LA PIERRE SAINT MARTIN"]
[Date "2007.08.09"]
[Round "4.1"]
[White "Inkiov, Ventzislav"]
[Black "Galby, Vassili"]
[Result "1-0"]
[WhiteElo "2503"]
[BlackElo "1976"]
[PlyCount "51"]

1. d4 Nf6 2. c4 g6 3. Nc3 Bg7 4. Nf3 O-O 5. Bg5 d6 6. e3 c5 7. Be2 h6 8. Bh4
Bf5 9. O-O Nbd7 10. Nd2 Qb6 11. Nb3 Rfe8 12. dxc5 dxc5 13. e4 Be6 14. f4 Rad8
15. Qc2 g5 16. fxg5 hxg5 17. Bxg5 Ne5 18. Nd5 Bxd5 19. exd5 Nh7 20. Be3 Qc7 21.
Nxc5 b6 22. Na6 Qc8 23. Nb4 e6 24. Nc6 Nxc6 25. dxc6 Qxc6 26. Rxf7 1-0

[Event "4ème OPEN du PIC d' ANIE"]
[Site "LA PIERRE SAINT MARTIN"]
[Date "2007.08.09"]
[Round "4.2"]
[White "Do, Huu-Thi"]
[Black "Philippe, Christophe"]
[Result "0-1"]
[WhiteElo "2163"]
[BlackElo "2368"]
[PlyCount "94"]

1. e4 c5 2. b3 Nc6 3. Bb2 e5 4. f4 exf4 5. Bc4 Qh4+ 6. Kf1 Nf6 7. Nf3 Qh6 8. e5
Nh5 9. Nc3 Ng3+ 10. Kg1 Nxh1 11. Kxh1 Be7 12. Nd5 Bd8 13. Qg1 b6 14. d4 O-O 15.
dxc5 Ne7 16. Nc3 Bb7 17. Qd4 bxc5 18. Qxd7 Bc6 19. Qg4 Qg6 20. Qxf4 Qxc2 21.
Nd1 Ng6 22. Qg4 Be7 23. Rc1 Qe4 24. Qg3 Rad8 25. Nf2 Qf4 26. Qxf4 Nxf4 27. Bc3
Rd7 28. Re1 Ne6 29. Ng4 Rfd8 30. Ne3 h6 31. Ba5 Rb8 32. Nf5 Bf8 33. h4 g6 34.
Ne3 h5 35. Ng5 Nxg5 36. hxg5 Re8 37. Nc2 Bg7 38. e6 fxe6 39. Bxe6+ Kf8 40. Rf1+
Ke7 41. Bc4 Be5 42. Ne1 Rf8 43. Nf3 Bxf3 44. gxf3 Rd4 45. Re1 Kd6 46. Kg2 Rf5
47. Bd8 Rd2+ 0-1

[Event "4ème OPEN du PIC d' ANIE"]
[Site "LA PIERRE SAINT MARTIN"]
[Date "2007.08.09"]
[Round "4.3"]
[White "Cwiek, Loic"]
[Black "Forestie, Pierre"]
[Result "1-0"]
[WhiteElo "1999"]
[BlackElo "2140"]
[PlyCount "45"]

1. d4 d5 2. Nf3 Nf6 3. c4 e6 4. Nc3 Be7 5. e3 O-O 6. Bd3 b6 7. O-O dxc4 8. Bxc4
Bb7 9. Qe2 Qc8 10. Rd1 Ba6 11. e4 Rd8 12. Bf4 c6 13. Rac1 Qb7 14. Ne5 b5 15.
Bd3 Rxd4 16. Ng4 Nbd7 17. Nxf6+ Nxf6 18. Qe3 Rad8 19. e5 Ne8 20. Bxh7+ Kxh7 21.
Rxd4 Nc7 22. Rxd8 Bxd8 23. Qd3+ 1-0

[Event "4ème OPEN du PIC d' ANIE"]
[Site "LA PIERRE SAINT MARTIN"]
[Date "2007.08.09"]
[Round "4.4"]
[White "Cabanes, Kim"]
[Black "Martinet, Regis"]
[Result "0-1"]
[WhiteElo "1885"]
[BlackElo "2050"]
[PlyCount "104"]

1. e4 c5 2. Nf3 Nc6 3. d4 cxd4 4. Nxd4 Nf6 5. Nc3 e5 6. Ndb5 d6 7. Nd5 Nxd5 8.
exd5 Ne7 9. c4 Ng6 10. Bd3 Be7 11. O-O f5 12. f4 O-O 13. fxe5 Nxe5 14. Kh1 Qb6
15. Qe2 a6 16. Be3 Qd8 17. Nd4 g6 18. Rac1 Re8 19. Qd2 Bf6 20. h3 Bd7 21. Rfe1
Bh4 22. Rf1 Qe7 23. Bf4 Rac8 24. g3 Bf6 25. Rfe1 Qf7 26. Bf1 Nxc4 27. Rxe8+
Qxe8 28. Rxc4 Rxc4 29. Bxc4 Qe4+ 30. Kh2 Qxd4 31. Qxd4 Bxd4 32. Bxd6 Bxb2 33.
Bc5 b5 34. Bb3 a5 35. a3 Kf7 36. Kg2 Kf6 37. Kf3 g5 38. Bd6 Bc1 39. Kf2 Bb2 40.
Ke3 Be5 41. Bxe5+ Kxe5 42. h4 gxh4 43. gxh4 f4+ 44. Kf3 h6 45. d6 h5 46. Bf7
Bg4+ 47. Kf2 Kxd6 48. Ke1 Kc5 49. Kd2 Kd4 50. a4 b4 51. Bg6 f3 52. Kc1 Ke3 0-1

[Event "4ème OPEN du PIC d' ANIE"]
[Site "LA PIERRE SAINT MARTIN"]
[Date "2007.08.09"]
[Round "4.5"]
[White "Domelevo, Jean-Baka"]
[Black "Iwanesko, Alexandre"]
[Result "0-1"]
[WhiteElo "1951"]
[BlackElo "1882"]
[PlyCount "62"]

1. d4 Nf6 2. c4 g6 3. Nc3 Bg7 4. e4 d6 5. Be2 O-O 6. f4 Na6 7. h3 e5 8. Be3
exd4 9. Bxd4 Nc5 10. Qc2 Nfxe4 11. Nxe4 Bxd4 12. Nf3 Nxe4 13. Qxe4 Bxb2 14. Rd1
Bc3+ 15. Kf2 Re8 16. Qd3 Bb4 17. g4 Qe7 18. Nd4 Qe4 19. Qxe4 Rxe4 20. Kf3 Re7
21. f5 Bd7 22. f6 Re5 23. Nc2 Bc6+ 24. Rd5 Rxd5 25. cxd5 Bxd5+ 26. Kg3 Bxh1 27.
Nxb4 Re8 28. Kf2 Re6 29. g5 h6 30. h4 hxg5 31. hxg5 Re5 0-1

[Event "4ème OPEN du PIC d' ANIE"]
[Site "LA PIERRE SAINT MARTIN"]
[Date "2007.08.09"]
[Round "4.6"]
[White "Catala, Laurent"]
[Black "Boukhris-Ferre, Yacine"]
[Result "0-1"]
[WhiteElo "1895"]
[BlackElo "1840"]
[PlyCount "58"]

1. e4 e6 2. d4 d5 3. exd5 exd5 4. Bd3 Bd6 5. Nf3 Ne7 6. Bg5 Nbc6 7. c3 f6 8.
Bh4 Bg4 9. Nbd2 Qd7 10. h3 Bf5 11. Nf1 O-O-O 12. g4 Bxd3 13. Qxd3 Rde8 14.
O-O-O Ng6 15. Bg3 Nf4 16. Qc2 Ne2+ 17. Kb1 Nxg3 18. Nxg3 Bxg3 19. fxg3 Re3 20.
Rhe1 Rhe8 21. Qf2 Qe6 22. Kc1 Na5 23. g5 Nc4 24. gxf6 Qxf6 25. Rxe3 Rxe3 26.
Rf1 Qh6 27. Nd2 Rf3 28. Qe2 Rxf1+ 29. Kc2 Qxd2+ 0-1

[Event "4ème OPEN du PIC d' ANIE"]
[Site "LA PIERRE SAINT MARTIN"]
[Date "2007.08.09"]
[Round "4.9"]
[White "Prevot, Jean-Luc"]
[Black "Poey Durut, Bixente"]
[Result "1-0"]
[WhiteElo "2105"]
[BlackElo "1490"]
[PlyCount "65"]

1. Nf3 d5 2. c4 c6 3. b3 Nf6 4. Bb2 e6 5. g3 Nbd7 6. Bg2 Bd6 7. O-O O-O 8. d3
e5 9. cxd5 cxd5 10. e3 Re8 11. Nc3 Nc5 12. d4 Nce4 13. dxe5 Bb4 14. Nxe4 Nxe4
15. Qd4 Bc5 16. Qd3 Bf5 17. Nh4 Qd7 18. Nxf5 Qxf5 19. Qxd5 Nxf2 20. Qxc5 Rac8
21. Qb5 a6 22. Qe2 Nh3+ 23. Bxh3 Qxh3 24. Rac1 h6 25. Qf3 Re7 26. Qe4 Rd8 27.
Rfd1 Rdd7 28. Rxd7 Qxd7 29. Bd4 Qb5 30. e6 Re8 31. exf7+ Kxf7 32. Rc7+ Kf8 33.
Qf4+ 1-0

[Event "4ème OPEN du PIC d' ANIE"]
[Site "LA PIERRE SAINT MARTIN"]
[Date "2007.08.09"]
[Round "4.10"]
[White "Denis, Philippe"]
[Black "Boukhris, Khaled"]
[Result "1/2-1/2"]
[WhiteElo "1699"]
[BlackElo "1835"]
[PlyCount "73"]

1. e4 e6 2. d4 d5 3. e5 c5 4. c3 Nc6 5. Nf3 Qb6 6. Bd3 cxd4 7. cxd4 Nge7 8. Nc3
Bd7 9. Bb1 Ng6 10. O-O Be7 11. b3 Rc8 12. Na4 Qd8 13. Re1 Na5 14. Nc5 b6 15.
Nxd7 Qxd7 16. Bd3 O-O 17. Be3 Qd8 18. Qe2 Nc6 19. Rac1 Nb8 20. Rxc8 Qxc8 21.
Ng5 f6 22. Nxh7 f5 23. Nxf8 Nxf8 24. Rc1 Qb7 25. Qc2 Ba3 26. Qc8 Qe7 27. Qxb8
Bxc1 28. Bxc1 Qb4 29. Bb2 Qd2 30. Ba3 Qxd3 31. Qxf8+ Kh7 32. h3 Qb1+ 33. Kh2
Qxa2 34. Qe7 Qxf2 35. Qg5 Qxd4 36. Qh4+ Kg8 37. Qd8+ 1/2-1/2

[Event "4ème OPEN du PIC d' ANIE"]
[Site "LA PIERRE SAINT MARTIN"]
[Date "2007.08.09"]
[Round "4.13"]
[White "Abancourt, Jose"]
[Black "Soufflet, Jacques"]
[Result "1-0"]
[WhiteElo "1550"]
[BlackElo "1730"]
[PlyCount "38"]

1. e4 e6 2. Nf3 d5 3. exd5 exd5 4. d4 Bd6 5. Bd3 Ne7 6. Bg5 O-O 7. O-O f6 8.
Be3 c6 9. c4 Bg4 10. Nbd2 Qc7 11. g3 Bb4 12. Qc2 g6 13. a3 Bxd2 14. Nxd2 dxc4
15. Qxc4+ Nd5 16. Rfe1 Kg7 17. Rac1 Nd7 18. Qxd5 Nb6 19. Qc5 Nd5 1-0

[Event "4ème OPEN du PIC d' ANIE"]
[Site "LA PIERRE SAINT MARTIN"]
[Date "2007.08.09"]
[Round "4.19"]
[White "Riballet, Jean-Paul"]
[Black "Finkel, Anne-Sophie"]
[Result "1-0"]
[WhiteElo "1340"]
[BlackElo "1160"]
[PlyCount "89"]

1. e4 e5 2. Nf3 Nc6 3. Bc4 Nf6 4. d3 Bc5 5. O-O d6 6. h3 Nd4 7. Nh2 Bd7 8. c3
Nb5 9. a4 a6 10. b4 Bb6 11. a5 Ba7 12. Qb3 Qe7 13. Na3 O-O 14. Nc2 Be6 15. Ne3
Bxe3 16. Bxe3 c6 17. Bxe6 Qxe6 18. Qxe6 fxe6 19. c4 Nc3 20. Rfe1 b5 21. axb6
Rfb8 22. Ra3 Nfxe4 23. dxe4 Nxe4 24. f3 Nf6 25. Rea1 Nd7 26. Rxa6 Rxa6 27. Rxa6
c5 28. bxc5 dxc5 29. b7 Rxb7 30. Rxe6 Rc7 31. Ng4 Kf7 32. Ra6 h5 33. Nf2 Nb8
34. Rb6 Nd7 35. Rb3 Ke6 36. h4 Ra7 37. Nh3 Ra4 38. Ng5+ Kd6 39. Ne4+ Kc6 40.
Nd2 Ra1+ 41. Kh2 Rc1 42. Ra3 Nb6 43. Ra5 Nxc4 44. Rxc5+ Kb6 45. Rxc4+ 1-0

[Event "4ème OPEN du PIC d' ANIE"]
[Site "LA PIERRE SAINT MARTIN"]
[Date "2007.08.09"]
[Round "5.1"]
[White "Philippe, Christophe"]
[Black "Inkiov, Ventzislav"]
[Result "1-0"]
[WhiteElo "2368"]
[BlackElo "2503"]
[PlyCount "97"]

1. e4 c5 2. Nf3 d6 3. d4 cxd4 4. Nxd4 Nf6 5. Nc3 Nc6 6. Bc4 e6 7. Be3 a6 8. Qe2
Qc7 9. Bb3 Na5 10. O-O-O b5 11. Kb1 Nxb3 12. cxb3 Bb7 13. Rc1 Qa5 14. f3 Be7
15. g4 Nd7 16. h4 b4 17. Na4 Nc5 18. g5 Rc8 19. Nxc5 dxc5 20. Nc2 Bc6 21. h5
Qb5 22. Qg2 Rd8 23. g6 hxg6 24. hxg6 Rxh1 25. Rxh1 Qd3 26. Rh8+ Kd7 27. Rxd8+
Kxd8 28. gxf7 Bf8 29. Bg5+ Kd7 30. Kc1 Bb5 31. Ne1 Qd4 32. Nc2 Qd3 33. Ne3 Qd6
34. f4 Qd4 35. Ng4 Kc8 36. f5 exf5 37. exf5 Bd6 38. Qa8+ Kc7 39. Ne3 Bc6 40.
Qd8+ Kb7 41. f8=Q Bxf8 42. Qxf8 Be4 43. Bf4 Qd3 44. Qxg7+ Kc6 45. a4 bxa3 46.
bxa3 Kb5 47. Qe5 Bxf5 48. Qxf5 Qc3+ 49. Nc2 1-0